مكتبة جامعة عجلون الوطنية

فهرس بحث المكتبة

Language history, language change, and language relationship : (Record no. 33479)

MARC details
000 -LEADER
fixed length control field 02162cam a2200373 i 4500
001 - CONTROL NUMBER
control field 20868881
003 - CONTROL NUMBER IDENTIFIER
control field JO-AjAnu
005 - DATE AND TIME OF LATEST TRANSACTION
control field 20240501104305.0
008 - FIXED-LENGTH DATA ELEMENTS--GENERAL INFORMATION
fixed length control field 190227s2019 gw ab b 001 0 eng
010 ## - LIBRARY OF CONGRESS CONTROL NUMBER
LC control number 2019935654
020 ## - INTERNATIONAL STANDARD BOOK NUMBER
International Standard Book Number 9783110609691
Qualifying information (paperback)
020 ## - INTERNATIONAL STANDARD BOOK NUMBER
Canceled/invalid ISBN 9783110613285
Qualifying information (ebook)
040 ## - CATALOGING SOURCE
Original cataloging agency DLC
Language of cataloging eng
Description conventions rda
Transcribing agency DLC
Modifying agency DLC
-- JO-AjAnu
041 #0 - LANGUAGE CODE
Language code of text/sound track or separate title eng
Language code of original eng
042 ## - AUTHENTICATION CODE
Authentication code pcc
050 00 - LIBRARY OF CONGRESS CALL NUMBER
Classification number P140
Item number .H588 2019
100 1# - MAIN ENTRY--PERSONAL NAME
Personal name Hock, Hans Henrich,
Dates associated with a name 1938-
Relator term author.
245 10 - TITLE STATEMENT
Title Language history, language change, and language relationship :
Remainder of title an introduction to historical and comparative linguistics /
Statement of responsibility, etc. Hans Henrich Hock, Brian D. Joseph.
250 ## - EDITION STATEMENT
Edition statement 3rd revised edition.
264 #1 - PRODUCTION, PUBLICATION, DISTRIBUTION, MANUFACTURE, AND COPYRIGHT NOTICE
Place of production, publication, distribution, manufacture Berlin ;
-- Boston :
Name of producer, publisher, distributor, manufacturer De Gruyter,
Date of production, publication, distribution, manufacture, or copyright notice [2019]
300 ## - PHYSICAL DESCRIPTION
Extent x, 565 pages :
Other physical details illustrations, maps ;
Dimensions 24 cm.
336 ## - CONTENT TYPE
Content type term text
Content type code txt
Source rdacontent
337 ## - MEDIA TYPE
Media type term unmediated
Media type code n
Source rdamedia
338 ## - CARRIER TYPE
Carrier type term volume
Carrier type code nc
Source rdacarrier
490 0# - SERIES STATEMENT
Series statement Mouton Textbook
504 ## - BIBLIOGRAPHY, ETC. NOTE
Bibliography, etc. note Includes bibliographical references (pages 513-541) and indexes.
505 0# - FORMATTED CONTENTS NOTE
Formatted contents note Introduction -- The discovery of Indo-European -- Writing: its history and its decipherment -- Sound change -- Analogy and change in word structure -- Syntactic change -- Semantic change -- Lexical borrowing -- Lexical change and etymology: the study of words -- Language, dialect, and standard -- Dialect geography and dialectology -- Language spread, link languages, and bilingualism -- Convergence: dialectology beyond language boundaries -- Pidgins, creoles, and related forms of language -- Language death -- Comparative method: establishing language relationship -- Proto-world?: the question of long-distance genetic relationships -- Linguistic palaeontology: historical linguistics, history, and prehistory
650 #0 - SUBJECT ADDED ENTRY--TOPICAL TERM
Topical term or geographic name entry element Historical linguistics.
650 #0 - SUBJECT ADDED ENTRY--TOPICAL TERM
Topical term or geographic name entry element Comparative linguistics.
700 1# - ADDED ENTRY--PERSONAL NAME
Personal name Joseph, Brian D.,
Relator term author.
906 ## - LOCAL DATA ELEMENT F, LDF (RLIN)
a 7
b cbc
c origres
d 2
e epcn
f 20
g y-gencatlg
942 ## - ADDED ENTRY ELEMENTS (KOHA)
Source of classification or shelving scheme Library of Congress Classification
Koha item type Books
Suppress in OPAC No
Holdings
Withdrawn status Lost status Source of classification or shelving scheme Damaged status Not for loan Home library Current library Date acquired Total Checkouts Full call number Barcode Date last seen Price effective from Koha item type
    Library of Congress Classification     مكتبة جامعة عجلون الوطنية مكتبة جامعة عجلون الوطنية 30/04/2024   P140.H588 2019 e3714 30/04/2024 30/04/2024 Books
    Library of Congress Classification     مكتبة جامعة عجلون الوطنية مكتبة جامعة عجلون الوطنية 30/04/2024   P140.H588 2019 e3713 30/04/2024 30/04/2024 Books